[Event "CAN-ch University"]
[Site "Kingston"]
[Date "2016.01.09"]
[Round "3"]
[White "Voloaca, Misha"]
[Black "Derraugh, Geordie"]
[Result "1-0"]
[WhiteElo "2333"]
[BlackElo "2338"]
[PlyCount "131"]
[EventDate "2016.01.09"]
[EventType "swiss"]
[EventRounds "5"]
[EventCountry "CAN"]
[SourceTitle "EXT 2022"]
[Source "ChessBase"]
[SourceDate "2021.10.06"]
[SourceVersion "1"]
[SourceVersionDate "2021.10.06"]
[SourceQuality "1"]

1. d4 Nf6 2. c4 g6 3. f3 d5 4. cxd5 Nxd5 5. e4 Nb6 6. Nc3 Bg7 7. Be3 0-0 8. Qd2 Nc6 9. e5 Nb4 10. Ne4 a5 11. a3 Nc6 12. Rd1 Qd5 13. Ne2 a4 14. N2c3 Qa5 15. Bh6 Rd8 16. Bxg7 Kxg7 17. Qf2 Nd5 18. Bb5 Qb6 19. Bxc6 Qxc6 20. Nxd5 Qxd5 21. Qh4 Bf5 22. 0-0 Re8 23. Nc3 Qe6 24. Rd2 h5 25. h3 Qb6 26. Kh2 c6 27. Ne2 Qd8 28. Ng3 e6 29. Qf4 Rh8 30. h4 Qe7 31. Rfd1 Rad8 32. Nf1 g5 33. hxg5 Kg6 34. Ne3 Qxg5 35. Qxg5+ Kxg5 36. Nc4 Rd5 37. Nd6 Rxd6 38. exd6 Rd8 39. Kg3 Rxd6 40. Kf2 Rd5 41. Rc1 Rd6 42. Rc4 b5 43. Rc5 Kf6 44. Ke3 Ke7 45. Kf4 f6 46. Ke3 Bg6 47. Rd1 e5 48. Rd2 Ke6 49. Rc1 Be8 50. dxe5 fxe5 51. Rxd6+ Kxd6 52. Rd1+ Ke6 53. Rd8 Ke7 54. Rc8 Kd7 55. Ra8 Bg6 56. Rg8 Bf7 57. Rg7 Ke7 58. Ke4 Kf6 59. Rxf7+ Kxf7 60. Kxe5 c5 61. Kd5 b4 62. Kxc5 bxa3 63. bxa3 h4 64. Kd5 Kf6 65. Ke4 Ke6 66. Kf4 1-0